000 00505nam a2200181Ia 4500
005 20250317123424.0
008 008 250317s9999 xx 000 0 eng d
037 _aTextbook
040 _aFMSL
_beng
_cFMSL
041 _aeng
_2eng
084 _aB28 L2
_qFMSL
100 _aClay J
_9735395
245 0 _aModern mathematics revision
260 _aLondon
_bLondon, George Allen & Unwin
_c1972
300 _a174p
942 _cTB
_hB28 L2
999 _c1251176
_d1251176